[Event "Sant Adria de Besos op 12th"]
[Site "Sant Adria de Besos"]
[Date "2016.06.05"]
[Round "7"]
[White "Severyn, Andriy"]
[Black "Febrero Perez, Lluis"]
[Result "0-1"]
[WhiteElo "1700"]
[BlackElo "1761"]
[PlyCount "74"]
[EventDate "2016.04.10"]
[EventType "swiss"]
[EventRounds "9"]
[EventCountry "ESP"]
[SourceTitle "EXT 2017"]
[Source "ChessBase"]
[SourceDate "2016.10.25"]
[SourceVersion "1"]
[SourceVersionDate "2016.10.25"]
[SourceQuality "1"]

1. e4 e5 2. Nf3 Nc6 3. c4 Nf6 4. Nc3 d6 5. d3 b6 6. Bg5 Be7 7. Nd5 Nxd5 8. cxd5 Nd4 9. Bxe7 Nxf3+ 10. Qxf3 Qxe7 11. Be2 0-0 12. 0-0 f5 13. Qe3 f4 14. Qd2 Qg5 15. Bf3 Bg4 16. Bxg4 Qxg4 17. f3 Qh5 18. Kh1 Rf6 19. Rg1 Rh6 20. g4 fxg3 21. Rxg3 Rf8 22. Qg2 g6 23. Rf1 Rf4 24. Rg5 Qh4 25. Rg4 Qf6 26. Rxf4 Qxf4 27. Rd1 Rxh2+ 28. Qxh2 Qxf3+ 29. Qg2 Qxd1+ 30. Kh2 Qxd3 31. Qg4 Qd2+ 32. Kh3 Qh6+ 33. Kg3 Qf4+ 34. Qxf4 exf4+ 35. Kxf4 Kf7 36. Kg5 Kg7 37. Kf4 Kf6 0-1

[Event "Sant Adria de Besos op 12th"]
[Site "Sant Adria de Besos"]
[Date "2016.05.15"]
[Round "4"]
[White "Barroso Quinones, Antonio"]
[Black "Severyn, Andriy"]
[Result "1-0"]
[WhiteElo "1961"]
[BlackElo "1700"]
[PlyCount "71"]
[EventDate "2016.04.10"]
[EventType "swiss"]
[EventRounds "9"]
[EventCountry "ESP"]
[SourceTitle "EXT 2017"]
[Source "ChessBase"]
[SourceDate "2016.10.25"]
[SourceVersion "1"]
[SourceVersionDate "2016.10.25"]
[SourceQuality "1"]

1. d4 d5 2. c4 e6 3. Nc3 Nf6 4. Nf3 Be7 5. Bf4 0-0 6. a3 a6 7. e3 Nc6 8. Bd3 dxc4 9. Bxc4 Nh5 10. Ne5 Nxf4 11. Nxc6 Nxg2+ 12. Kf1 Nxe3+ 13. fxe3 bxc6 14. Rg1 Bh4 15. Ne4 f5 16. Nc5 Qd6 17. Qf3 Kh8 18. Ke2 Bf6 19. h4 e5 20. Nb3 Be6 21. Rac1 Bd5 22. Bxd5 Qxd5 23. Qxd5 cxd5 24. Rxc7 exd4 25. Nxd4 Rae8 26. Nxf5 g6 27. Nd6 Re7 28. Rc6 Bxb2 29. Rxa6 Bd4 30. Rg3 Be5 31. Rf3 Rxf3 32. Kxf3 Kg7 33. h5 d4 34. h6+ Kf8 35. Ra8+ Re8 36. Rxe8# 1-0